Inovačné podnety v čase globálnej krízy
Inovácie ako recept na krízu. Inovačné podnety na rok 2009. Záujem o vysokokvalifikovaných pracovníkov. Kríza na americkom hypotekárnom trhu ako globálna hrozba sveta. Rozhodujúce postavenie a vplyv ceny energií a surovín. Výskum a vývoj. Globalizácia smerom k Číne a Indii. Kurz amerického dolára. E...
Guardado en:
| Autor principal: | |
|---|---|
| Formato: | Capítulo de libro |
| Lenguaje: | eslovaco |
| Materias: | |
| Etiquetas: |
Sin Etiquetas, Sea el primero en etiquetar este registro!
|
MARC
| LEADER | 00000naa$a2200000$$$4500 | ||
|---|---|---|---|
| 001 | 0092951 | ||
| 005 | 20220729104031.3 | ||
| 041 | 0 | |a slo | |
| 044 | |a SK | ||
| 245 | 1 | 0 | |a Inovačné podnety v čase globálnej krízy |c Miroslav Tuma |
| 520 | |a Inovácie ako recept na krízu. Inovačné podnety na rok 2009. Záujem o vysokokvalifikovaných pracovníkov. Kríza na americkom hypotekárnom trhu ako globálna hrozba sveta. Rozhodujúce postavenie a vplyv ceny energií a surovín. Výskum a vývoj. Globalizácia smerom k Číne a Indii. Kurz amerického dolára. Ekológia. Krízový manažment. | ||
| 610 | 2 | 0 | |a inovácia |
| 610 | 2 | 0 | |a kríza |
| 610 | 2 | 0 | |a financie |
| 610 | 2 | 0 | |a ekológia |
| 610 | 2 | 0 | |a výskum |
| 610 | 2 | 0 | |a vývoj |
| 100 | 1 | |a Tuma, Miroslav | |